|
|
|
|
| LEADER |
00813nam a2200205 a 4500 |
| 001 |
c000110607 |
| 003 |
CARM |
| 005 |
19930702000000.0 |
| 008 |
861022s1923 gw 000 1 rusrd |
| 019 |
1 |
|
|a 4828755
|5 LACONCORD2021
|
| 035 |
|
|
|a (OCoLC)17342915
|5 LACONCORD2021
|
| 040 |
|
|
|a OCLC
|b eng
|c OCLC
|d OCLC
|
| 100 |
1 |
|
|a Radlova, Anna.
|
| 245 |
1 |
0 |
|a Bogoroditsyn korabl :
|b pesa v piati stsenakh v stikhakh i proze /
|c Anna Radlova.
|
| 260 |
|
|
|a Peterburg ;
|a Berlin :
|b Petropolis,
|c 1923.
|
| 300 |
|
|
|a 37 p. ;
|c 19 cm.
|
| 600 |
0 |
0 |
|a Elizabeth,
|c Empress of Russia,
|d 1709-1762
|x Drama.
|
| 852 |
8 |
|
|b CARM
|h A2:AH11B0
|i B03422
|p 0141915
|f BK
|
| 999 |
f |
f |
|i d7a43f2b-7000-5500-a751-010751ef6efa
|s 8becca0c-ab3c-5a32-b71c-874f0d7fb157
|
| 952 |
f |
f |
|p Can circulate
|a CAVAL
|b CAVAL
|c CAVAL
|d CARM 1 Store
|e B03422
|f A2:AH11B0
|h Other scheme
|i book
|m 0141915
|